Learning Resource and Development

PHP 8 solutions : (Record no. 28305)

MARC details
000 -LEADER
fixed length control field 03814nam a2200301 i 4500
003 - CONTROL NUMBER IDENTIFIER
control field CSPC
005 - DATE AND TIME OF LATEST TRANSACTION
control field 20250902110024.0
008 - FIXED-LENGTH DATA ELEMENTS--GENERAL INFORMATION
fixed length control field 241005s2022 -uka 001 0 eng d
020 ## - INTERNATIONAL STANDARD BOOK NUMBER
International Standard Book Number 9781484271407
040 ## - CATALOGING SOURCE
Original cataloging agency CSPC
Language of cataloging eng
Transcribing agency CSPC
Description conventions rda
050 #4 - LIBRARY OF CONGRESS CALL NUMBER
Classification number QA76.73.P224
Item number P72 2022
082 #4 - DEWEY DECIMAL CLASSIFICATION NUMBER
Edition number 23
Classification number 006.76
Item number P872p
100 1# - MAIN ENTRY--PERSONAL NAME
Personal name Powers, David,
Relator term author.
245 10 - TITLE STATEMENT
Title PHP 8 solutions :
Remainder of title dynamic web design and development made easy /
Statement of responsibility, etc. David Powers.
250 ## - EDITION STATEMENT
Edition statement Fifth edition.
264 #1 - PRODUCTION, PUBLICATION, DISTRIBUTION, MANUFACTURE, AND COPYRIGHT NOTICE
Place of production, publication, distribution, manufacture New York, NY :
Name of producer, publisher, distributor, manufacturer Apress,
Date of production, publication, distribution, manufacture, or copyright notice 2022.
300 ## - PHYSICAL DESCRIPTION
Extent xxv, 558 pages :
Other physical details illustrations ;
Dimensions 25 cm.
336 ## - CONTENT TYPE
Source rdacontent
Content type term text
337 ## - MEDIA TYPE
Source rdamedia
Media type term unmediated
338 ## - CARRIER TYPE
Source rdacarrier
Carrier type term volume
500 ## - GENERAL NOTE
General note Includes index.
505 0# - FORMATTED CONTENTS NOTE
Formatted contents note What is PHP 8? -- Getting ready to work with PHP -- How to write PHP scripts --- PHP: a quick reference -- Lightening your workload with includes -- Bringing forms to life -- Using PHP to manage files -- Working with arrays -- Uploading files -- Generating thumbnail images -- Pages that remember: simple login and multipage forms -- Getting started with a database -- Connecting to a database with PHP and SQL -- Creating a dynamic photo gallery -- Managing content -- Formatting text and dates -- Pulling data from multiple tables -- Managing multiple database tables -- Authenticating users with a database.
520 ## - SUMMARY, ETC.
Summary, etc. "Make your websites more dynamic by adding a feedback form, creating a private area where members can upload images that are automatically resized, or storing all your content in a database. David Powers has updated his definitive book to incorporate the latest techniques and changes to PHP with the arrival of PHP 8. New features include named attributes, constructor property promotion, the stricter and more concise match expression, union types, and more.​ The problem is, you're not a programmer and the thought of writing code sends a chill up your spine. Or maybe you've dabbled a bit in PHP and MySQL, but you can't get past baby steps. If this describes you, then you've just found the right book. PHP powers four out of every five websites that use a server-side language. In combination with the MySQL database it's ideal for creating dynamic websites. PHP and MySQL are free, easy to use, and provided by many web hosting companies in their standard packages. This book also covers MariaDB, a seamless replacement for MySQL that has been adopted on many web servers. Unfortunately, most PHP books either expect you to be an expert already or force you to go through endless exercises of little practical value. In contrast, this book gives you real value right away through a series of practical examples that you can incorporate directly into your sites, optimizing performance and adding functionality such as file uploading, email feedback forms, image galleries, content management systems, and much more. Each solution is created with not only functionality in mind, but also visual design. But this book doesn't just provide a collection of ready-made scripts: each PHP solution builds on what's gone before, teaching you the basics of PHP and database design quickly and painlessly. You'll learn how to optimize your code using object-oriented programming (OOP) techniques. By the end of the book, you'll have the confidence to start writing your own scripts or-if you prefer to leave that task to others-to adapt existing scripts to your own requirements. Right from the start, you're shown how easy it is to protect your sites by adopting secure coding practices. " -- Back cover.
650 #0 - SUBJECT ADDED ENTRY--TOPICAL TERM
Topical term or geographic name entry element PHP (Computer program language).
650 #0 - SUBJECT ADDED ENTRY--TOPICAL TERM
Topical term or geographic name entry element Web sites
General subdivision Design.
942 ## - ADDED ENTRY ELEMENTS (KOHA)
Source of classification or shelving scheme Dewey Decimal Classification
Suppress in OPAC No
Koha item type Books
Edition 23
Classification part 006.76
Call number prefix GRD
Call number suffix 2022
Holdings
Withdrawn status Lost status Source of classification or shelving scheme Damaged status Not for loan Home library Current library Shelving location Date acquired Total Checkouts Full call number Barcode Date last seen Copy number Price effective from Koha item type
    Dewey Decimal Classification     Main Library Main Library Graduate School Library 10/05/2024   GRD 006.76 P872p 2022 028357 10/05/2024 1-3 10/05/2024 Books
    Dewey Decimal Classification     Main Library Main Library Graduate School Library 09/02/2025   GRD 006.76 P872p 2022 030265 09/02/2025 2-3 09/02/2025 Books
    Dewey Decimal Classification     Main Library Main Library Graduate School Library 09/02/2025   GRD 006.76 P872p 2022 030266 09/02/2025 3-3 09/02/2025 Books